Physical theatres a critical reader

Bibliographic Details
Other Authors: Kneefe, John 1950- (Editor), Murray, Simon 1948- (Editor)
Format: Book
Language:English
Published: London New York Routledge 2007
Subjects:
LEADER 01303nam a2200325 u 4500
001 10088237
003 upatras
005 20210117202703.0
008 101210s2007 eng
020 |a 0415362512  |q ((hbk)) 
020 |a 9780415362511  |q ((hbk)) 
020 |a 0415362520  |q ((pbk)) 
020 |a 9780415362528  |q ((pbk)) 
040 |a ΠΑΝΕΠΙΣΤΗΜΙΟ ΠΑΤΡΑΣ  |c ΠΑΝΕΠΙΣΤΗΜΙΟ ΠΑΤΡΑΣ 
041 0 |a eng 
082 0 4 |a 792.028 
245 1 0 |a Physical theatres  |b a critical reader  |c edited by John Keefe and Simon Murray 
260 |a London  |a New York  |b Routledge  |c 2007 
300 |a xxviii, 283 p.  |b ill.  |c 25 cm. 
504 |a Includes bibliographical references and index 
650 4 |a Κίνηση (Υποκριτική)  |9 91116 
650 4 |a Κίνηση στην τέχνη  |9 85307 
650 4 |a Χορός  |x    |9 91015 
700 1 |a Kneefe, John  |d 1950-  |4 edt  |9 91117 
700 1 |a Murray, Simon  |d 1948-  |4 edt  |9 91118 
852 |a GR-PaULI  |b ΠΑΤΡΑ  |b ΘΕΑΤΡΟΛΟΓΙΑ  |k ΑΣΧΞ  |h 792.028 ΚΕΕ  |m 10614  |p 025000137059  |t 1 
942 |2 ddc  |c BK15 
952 |0 0  |1 0  |4 0  |6 792_028000000000000_ΚΕΕ  |7 0  |9 95039  |a THST  |b THST  |d 2016-04-24  |i 10614  |l 0  |o 792.028 ΚΕΕ  |p 025000137059  |r 2016-04-24 00:00:00  |t 1  |w 2016-04-24  |y BK15 
998 |c ΜΑΝΙΑ  |d 2010-12 
999 |c 63977  |d 63977